| 000 | 04135nam a2200661Ii 4500 | ||
|---|---|---|---|
| 001 | DIGIBE0621 | ||
| 003 | NyNyDIG | ||
| 006 | m o d | ||
| 008 | 191028s2017 sp b ob 101 0 spa d | ||
| 007 | cr ||||||||||| | ||
| 035 | _a(OCoLC)1083463133 | ||
| 040 |
_aDGITA _beng _erda _epn _cDGITA |
||
| 020 |
_a9783954876266 _q(eBook ; _qpdf) |
||
| 020 |
_a3954876264 _q(eBook ; _qpdf) |
||
| 020 |
_z9788416922031 _q(Iberoamericana) |
||
| 020 |
_z8416922039 _q(Iberoamericana) |
||
| 020 |
_z9783954875535 _q(Vervuert) |
||
| 020 |
_z3954875535 _q(Vervuert) |
||
| 041 | 0 |
_aspa _aeng |
|
| 043 |
_anwhi--- _ae-sp--- |
||
| 050 | 1 | 4 | _aBX4705.M6499 ebook |
| 082 | 0 | 4 | _a271.2092 |
| 111 | 2 |
_aAntonio de Montesino y su Tiempo (Conference) _d(2012 : _cJohannes Gutenberg-Universität), _jauthor. |
|
| 245 | 1 | 0 |
_aFray Antonio de Montesino y su tiempo / _cSilke Jansen, Irene M. Weiss (eds.) |
| 264 | 1 |
_aMadrid : _bIberoamericana ; _aFrankfurt am Main : _bVervuert, _c2017. |
|
| 300 |
_a1 online resource : _bmap. |
||
| 336 |
_atext _btxt _2rdacontent |
||
| 337 |
_acomputer _bc _2rdamedia |
||
| 338 |
_aonline resource _bcr _2rdacarrier |
||
| 347 |
_atext file _2rdaft |
||
| 347 | _bPDF | ||
| 490 | 1 |
_aParecos y australes : ensayos de cultura de la Colonia ; _v18 |
|
| 500 | _aProceedings of an international conference held at Johannes Gutenberg University of Mainz, on 3 and 4 February 2012. | ||
| 504 | _aIncludes bibliographical references and index. | ||
| 505 | 0 | _aChanges in the lives of the Taíno circa 1511 / Lynne A. Guitar -- El español y el taíno en contacto : aspectos sociolingüísticos de la encomienda / Silke Jansen -- Pedro Mártir de Anglería : ¿precursor de Montesino? / Karl Kohut -- Un sermón dominico en La Española de 1511 y sus contextos medievales y atlánticos / Bernat Hernández -- Ego vox clamantis in deserto : la estructura de un silencio y la novedad dominicana en La Española, 1511 / Raymundo González -- El "sermón de Montesino" : origen de las Leyes de Burgos de 1512 / Ramón Valdivia Giménez -- "Con qué derecho y con qué justicia...?" : el impacto de los sermones de Montesino en el desarrollo del sistema jurídico en las Indias en la primera mitad del siglo XVI / Ludolf Pelizaeus -- El aporte cultural indígena en el Caribe insular hispano / Jesús María Serna Moreno -- Fray Montesino revisitado en También la lluvia, de Icíar Bollaín / Irene M. Weiss -- Montesino : portavoz de una comunidad defensora de la vida / Luisa Campos Villalón, O. P. -- Fray Antón de Montesino y los frailes dominicanos en Santo Domingo, Puerto Rico y Cuba : una voz profética en El Caribe / Mario A. Rodríguez León, O.P. | |
| 546 | _aIncludes a paper in English. | ||
| 588 | 0 | _aOnline resource; title from PDF title page (Digitalia, viewed October 31, 2019) | |
| 600 | 1 | 0 |
_aMontesinos, Antón de, _d-1540 _vCongresses. |
| 600 | 1 | 0 |
_aMontesinos, Antón de, _d-1540 _xContemporaries _vCongresses. |
| 610 | 2 | 0 |
_aDominicans _zSpain _vCongresses. |
| 650 | 0 |
_aMissions, Spanish _zHispaniola _vCongresses. |
|
| 650 | 0 |
_aTaino Indians _xFirst contact with Europeans _vCongresses. |
|
| 650 | 0 |
_aIndians, Treatment of _zHispaniola _vCongresses. |
|
| 650 | 0 |
_aSpaniards _xColonization _zHispaniola _vCongresses. |
|
| 651 | 0 |
_aSpain _xColonies _zAmerica _xHistory _vCongresses. |
|
| 655 | 7 |
_aConference papers and proceedings. _2lcgft |
|
| 655 | 0 | _aElectronic books. | |
| 700 | 1 |
_aJansen, Silke, _eeditor. |
|
| 700 | 1 |
_aWeiss, Irene M., _eeditor. |
|
| 710 | 2 |
_aJohannes Gutenberg-Universität, _ehosting institution. |
|
| 791 | 2 |
_aDigitalia (Firm), _edistributor. |
|
| 793 | 0 |
_gDigitalia eBook Collection: _aIberoamericana/Vervuert |
|
| 776 | 0 | 8 |
_iPrint version: _aAntonio de Montesino y su Tiempo (Conference) (2012 : Johannes Gutenberg-Universität). _tFray Antonio de Montesino y su tiempo. _dMadrid : Iberoamericana ; Frankfurt am Main : Vervuert, 2017 _z9788416922031 _w(DLC) 2017418819 _w(OCoLC)993014099 |
| 830 | 0 |
_aParecos y australes ; _vno. 18. |
|
| 856 | 4 | 0 |
_3Digitalia Hispánica _uhttps://www.digitaliapublishing.com/a/57502/ |
| 910 | _aPremium collection: 2019 | ||
| 942 | _cRAA | ||
| 999 |
_c255377 _d255377 |
||